Sustainable energy in China (Record no. 15405)

000 -LEADER
fixed length control field 00635nam a2200205 a 4500
040 ## - CATALOGING SOURCE
Transcribing agency CaPaEBR
082 04 - DEWEY DECIMAL CLASSIFICATION NUMBER
Classification number 333 WOR 2007 A076 Or.
245 00 - TITLE STATEMENT
Title Sustainable energy in China
Remainder of title the closing window of opportunity /
260 ## - PUBLICATION, DISTRIBUTION, ETC. (IMPRINT)
Place of publication Washington, DC :
Name of publisher World Bank,
Year of publication c2007.
300 ## - PHYSICAL DESCRIPTION
Number of Pages liii, 273 p. :
Other physical details ill. ;
Dimensions 23 cm.
490 1# - SERIES STATEMENT
Series statement Directions in development. Energy and mining
650 #0 - SUBJECT ADDED ENTRY--TOPICAL TERM
Topical Term Energy industries
650 #0 - SUBJECT ADDED ENTRY--TOPICAL TERM
Topical Term Energy policy
650 #0 - SUBJECT ADDED ENTRY--TOPICAL TERM
Topical Term Energy development
700 1# - ADDED ENTRY--PERSONAL NAME
Personal name Berrah, Noureddine.
710 2# - ADDED ENTRY--CORPORATE NAME
Corporate name or jurisdiction name as entry element World Bank.
710 2# - ADDED ENTRY--CORPORATE NAME
Corporate name or jurisdiction name as entry element ebrary, Inc.
856 40 - ELECTRONIC LOCATION AND ACCESS
Uniform Resource Identifier http://site.ebrary.com/lib/yale/Doc?id=10167859
942 ## - ADDED ENTRY ELEMENTS (KOHA)
Koha item type សៀវភៅភាសាអង់គ្លេស
952 ## - LOCATION AND ITEM INFORMATION (KOHA)
Withdrawn status [LOCAL, KOHA] 0
Holdings
Permanent Location Date acquired Koha item type Lost status Shelving location Barcode Current Location Full call number
Library Block A2017-11-20សៀវភៅភាសាអង់គ្លេស A076A07430Library Block A333 WOR 2007 A076 Or.
មជ្ឈមណ្ឌលឯការនៃសាកលវិទ្យាល័យភូមិន្ទកសិកម្មចំការដូង

Powered by Koha